[Event "GER-ch 81st"]
[Site "Bad Liebenzell"]
[Date "2010.03.09"]
[Round "5"]
[White "Strunski, Andreas"]
[Black "Zeller, Frank"]
[Result "1-0"]
[WhiteElo "2378"]
[BlackElo "2420"]
[EventDate "2010.03.05"]
[PlyCount "95"]

1. d4 Nf6 2. c4 e6 3. Nc3 Bb4 4. Qc2 c5 5. dxc5 Qc7 6. Nf3 Bxc5 7. a3 a6 8. b4 Be7 9. e4 d6 10. Bd3 Nbd7 11. Bb2 b6 12. O-O Bb7 13. Rac1 Rc8 14. Qe2 O-O 15. Na4 Qb8 16. Nd2 Rfd8 17. Nc3 Bf8 18. f4 g6 19. e5 dxe5 20. fxe5 Qxe5 21. Nde4 Nxe4 22. Nxe4 Qh5 23. Qxh5 gxh5 24. Ng5 f5 25. Nxe6 Nc5 26. Nxd8 Nxd3 27. Nxb7 Nxc1 28. Rxc1 Rb8 29. c5 Rxb7 30. c6 Rc7 31. Be5 Rc8 32. c7 a5 33. bxa5 Bc5+ 34. Kf1 Kf7 35. Rb1 Ke6 36. axb6 Bxb6 37. Rxb6+ Kxe5 38. Rc6 Kd5 39. Rc1 Kd6 40. Kf2 f4 41. Kf3 Kd7 42. h4 Kd6 43. Kxf4 Kd7 44. Kg5 Rg8+ 45. Kxh5 Kc8 46. g4 Rg6 47. a4 Ra6 48. Rc4 1-0

[Event "GER-ch 81st"]
[Site "Bad Liebenzell"]
[Date "2010.03.09"]
[Round "5"]
[White "Tischbierek, Raj"]
[Black "Engelmann, Jakob"]
[Result "1-0"]
[WhiteElo "2433"]
[BlackElo "2213"]
[EventDate "2010.03.05"]
[PlyCount "63"]

1. e4 e5 2. Nf3 Nc6 3. Nc3 Nf6 4. Bb5 Bc5 5. Nxe5 Nxe5 6. d4 Bd6 7. f4 Nc6 8. e5 Be7 9. exf6 Bxf6 10. d5 Nb4 11. a3 Bxc3+ 12. bxc3 Qe7+ 13. Kf2 Qc5+ 14. Be3 Qxb5 15. axb4 O-O 16. Ra5 Qc4 17. Rc5 Qe4 18. Rxc7 d6 19. Re1 Qg6 20. h3 a5 21. g4 axb4 22. cxb4 Ra3 23. Qd4 h5 24. f5 Qh7 25. Kg2 hxg4 26. hxg4 Qh4 27. Rh1 Qd8 28. Bh6 gxh6 29. Rxh6 f6 30. Rg6+ Kh8 31. Rh7+ Kxh7 32. Qf4 1-0

[Event "GER-ch 81st"]
[Site "Bad Liebenzell"]
[Date "2010.03.09"]
[Round "5"]
[White "Vogel, Christian"]
[Black "Raykhman, Alexander"]
[Result "0-1"]
[WhiteElo "2263"]
[BlackElo "2352"]
[EventDate "2010.03.05"]
[PlyCount "26"]

1. Nf3 Nf6 2. g3 g6 3. b3 Bg7 4. Bb2 O-O 5. Bg2 d6 6. d4 c5 7. dxc5 Qa5+ 8. Qd2 Qxc5 9. O-O d5 10. c4 dxc4 11. Rc1 Ne4 12. Bd4 Nxd2 13. Bxc5 Nxf3+ 0-1

[Event "GER-ch 81st"]
[Site "Bad Liebenzell"]
[Date "2010.03.10"]
[Round "6"]
[White "Baramidze, David"]
[Black "Mueller, Oliver"]
[Result "1/2-1/2"]
[WhiteElo "2528"]
[BlackElo "2297"]
[EventDate "2010.03.05"]
[PlyCount "49"]

1. Nf3 Nf6 2. c4 c5 3. g3 g6 4. Bg2 Bg7 5. O-O O-O 6. Nc3 Nc6 7. a3 a6 8. Rb1 Rb8 9. b4 cxb4 10. axb4 b5 11. cxb5 axb5 12. d4 d5 13. Ne5 Rb6 14. Bf4 Bf5 15. Rc1 Nxb4 16. Qb3 Nc6 17. Nxc6 Rxc6 18. Qxb5 Rb6 19. Qc5 Rb2 20. Be5 e6 21. Qa3 Rb7 22. f3 g5 23. Kh1 Bg6 24. Ra1 Ne8 25. Bxg7 1/2-1/2

[Event "GER-ch 81st"]
[Site "Bad Liebenzell"]
[Date "2010.03.10"]
[Round "6"]
[White "Bindrich, Falko"]
[Black "Strunski, Andreas"]
[Result "1-0"]
[WhiteElo "2532"]
[BlackElo "2378"]
[EventDate "2010.03.05"]
[PlyCount "57"]

1. e4 e6 2. d4 d5 3. Nc3 Nf6 4. e5 Nfd7 5. f4 c5 6. Nf3 Nc6 7. Ne2 b5 8. a3 Qb6 9. Be3 a5 10. c3 Rb8 11. dxc5 Bxc5 12. Ned4 b4 13. axb4 axb4 14. Bd3 g5 15. fxg5 Ndxe5 16. Nxe5 Nxe5 17. O-O Nxd3 18. Qxd3 Bd7 19. Ra6 Qb7 20. Kh1 bxc3 21. bxc3 e5 22. Nc6 Bxc6 23. Bxc5 Bb5 24. Qf5 Bxa6 25. Qxe5+ Kd7 26. Rxf7+ Kc6 27. Rxb7 Bxb7 28. Qd6+ Kb5 29. Ba7 1-0

[Event "GER-ch 81st"]
[Site "Bad Liebenzell"]
[Date "2010.03.10"]
[Round "6"]
[White "Engelmann, Jakob"]
[Black "Bastian, Herbert"]
[Result "0-1"]
[WhiteElo "2213"]
[BlackElo "2351"]
[EventDate "2010.03.05"]
[PlyCount "80"]

1. e4 e5 2. Nf3 Nc6 3. Bb5 Nf6 4. O-O Bc5 5. c3 O-O 6. d4 Bb6 7. Qd3 d6 8. Bg5 h6 9. Bh4 Qe7 10. Nbd2 Nb8 11. Rfe1 c6 12. Bc4 Nbd7 13. b4 Re8 14. Bg3 Nh5 15. b5 Nxg3 16. hxg3 Nf6 17. Rab1 d5 18. exd5 cxd5 19. Bxd5 Nxd5 20. Rxe5 Be6 21. c4 Nf6 22. d5 Qd6 23. Rbe1 Bd7 24. Rxe8+ Rxe8 25. Rxe8+ Bxe8 26. Ne4 Nxe4 27. Qxe4 Bd7 28. Kf1 Qc5 29. Qe2 Bf5 30. Kg1 Kh7 31. Nd2 Qd6 32. Nb3 Qb4 33. Kh2 Qc3 34. d6 Bd3 35. Qe7 Qxc4 36. d7 Qd5 37. Nc5 Bf1 38. Ne4 Bxb5 39. Nd6 Bc6 40. Kh3 Bxd7+ 0-1

[Event "GER-ch 81st"]
[Site "Bad Liebenzell"]
[Date "2010.03.10"]
[Round "6"]
[White "Feuerstack, Aljoscha"]
[Black "Krassowizkij, Jaroslaw"]
[Result "1-0"]
[WhiteElo "2382"]
[BlackElo "2244"]
[EventDate "2010.03.05"]
[PlyCount "69"]

1. e4 d5 2. exd5 Nf6 3. Bb5+ Bd7 4. Be2 Nxd5 5. d4 g6 6. c4 Nb6 7. Nc3 c6 8. c5 Nd5 9. Qb3 Nxc3 10. bxc3 b5 11. a4 a6 12. d5 e6 13. d6 Bg7 14. Nf3 e5 15. O-O O-O 16. Bg5 Qe8 17. Be7 Be6 18. Qa3 f5 19. Bxf8 Kxf8 20. axb5 cxb5 21. c6 Nxc6 22. Bxb5 axb5 23. Qxa8 e4 24. Ng5 Bc4 25. Nxh7+ Kf7 26. Qb7+ Kg8 27. Ra8 Nd8 28. Qe7 Qc6 29. Ra7 Nf7 30. d7 Qb6 31. Rd1 Nd8 32. Ra8 Kxh7 33. Rxd8 e3 34. Qh4+ Bh6 35. Rh8+ 1-0

[Event "GER-ch 81st"]
[Site "Bad Liebenzell"]
[Date "2010.03.10"]
[Round "6"]
[White "Fiebig, Thomas"]
[Black "Tischbierek, Raj"]
[Result "1/2-1/2"]
[WhiteElo "2428"]
[BlackElo "2433"]
[EventDate "2010.03.05"]
[PlyCount "54"]

1. e4 Nf6 2. e5 Nd5 3. d4 d6 4. Nf3 Nc6 5. Bc4 Nb6 6. Bb5 Bg4 7. h3 Bh5 8. d5 a6 9. Bxc6+ bxc6 10. dxc6 dxe5 11. g4 Qxd1+ 12. Kxd1 Rd8+ 13. Bd2 e4 14. Ne5 Rd5 15. Nd7 Bg6 16. Nb8 e6 17. Nxa6 Bd6 18. Ke2 h5 19. Na3 e3 20. Bb4 Bxb4 21. Nxb4 Rd4 22. Nd3 exf2 23. Nxf2 Rd6 24. c4 Rxc6 25. b3 Rc5 26. Nb5 Ke7 27. Rad1 Nd5 1/2-1/2

[Event "GER-ch 81st"]
[Site "Bad Liebenzell"]
[Date "2010.03.10"]
[Round "6"]
[White "Figura, Atila Gajo"]
[Black "Kotainy, Jens"]
[Result "1/2-1/2"]
[WhiteElo "2418"]
[BlackElo "2243"]
[EventDate "2010.03.05"]
[PlyCount "84"]

1. d4 e6 2. g3 c5 3. Nf3 Nf6 4. Bg2 Nc6 5. O-O cxd4 6. Nxd4 Bc5 7. Nb3 Bb6 8. e4 d5 9. exd5 exd5 10. Re1+ Be6 11. Be3 O-O 12. Bxb6 Qxb6 13. Nc3 Rad8 14. Na4 Qc7 15. Nac5 Rfe8 16. Nxe6 fxe6 17. Qe2 e5 18. Rad1 e4 19. Nd4 Qa5 20. Qb5 Qxb5 21. Nxb5 d4 22. c3 d3 23. Na3 Ne5 24. h3 Nf3+ 25. Bxf3 d2 26. Re2 exf3 27. Rxe8+ Rxe8 28. Rxd2 Re1+ 29. Kh2 Re2 30. Rc2 Ne4 31. g4 Kf7 32. Kg1 Re1+ 33. Kh2 a5 34. Nb5 Re2 35. Nd4 Rxc2 36. Nxc2 Nxf2 37. Kg3 Nd1 38. Kxf3 Nxb2 39. Ne3 Ke6 40. Ke4 Na4 41. Nd5 Nc5+ 42. Kd4 Nd3 1/2-1/2

[Event "GER-ch 81st"]
[Site "Bad Liebenzell"]
[Date "2010.03.10"]
[Round "6"]
[White "Hirneise, Jens"]
[Black "Hager, Joshua Aarash"]
[Result "0-1"]
[WhiteElo "2294"]
[BlackElo "2221"]
[EventDate "2010.03.05"]
[PlyCount "76"]

1. d4 Nf6 2. c4 c5 3. d5 e6 4. Nc3 exd5 5. cxd5 d6 6. g3 g6 7. Bg2 Bg7 8. Nf3 O-O 9. O-O Re8 10. h3 Nbd7 11. Nd2 a6 12. a4 Rb8 13. Nc4 Ne5 14. Na3 Nh5 15. e4 Bd7 16. f4 Nxg3 17. fxe5 Bxe5 18. Nc4 Bd4+ 19. Kh2 Nxf1+ 20. Qxf1 b5 21. Nxd6 Be5+ 22. Bf4 Qf6 23. Nxe8 Qxf4+ 24. Qxf4 Bxf4+ 25. Kh1 Bxe8 26. axb5 axb5 27. Nd1 Be5 28. Ra5 c4 29. Bf1 Kg7 30. Kg2 Rc8 31. Ra6 b4 32. Ne3 c3 33. bxc3 Rxc3 34. Nc4 Bb5 35. Nxe5 Bxa6 36. Bxa6 b3 37. d6 b2 38. d7 b1=Q 0-1

[Event "GER-ch 81st"]
[Site "Bad Liebenzell"]
[Date "2010.03.10"]
[Round "6"]
[White "Lentrodt, Thomas"]
[Black "Schulze, Ulrich"]
[Result "1/2-1/2"]
[WhiteElo "2367"]
[BlackElo "2320"]
[EventDate "2010.03.05"]
[PlyCount "66"]

1. c4 Nf6 2. Nc3 d5 3. cxd5 Nxd5 4. g3 Nxc3 5. bxc3 g6 6. Bg2 Bg7 7. Qb3 Nd7 8. Ba3 O-O 9. Nf3 Rb8 10. d3 c5 11. O-O b5 12. Rac1 a5 13. Qc2 Bb7 14. Rb1 Qb6 15. Bc1 h6 16. Bf4 e5 17. Be3 Bc6 18. Rfd1 Qb7 19. Ne1 Bxg2 20. Nxg2 Rfd8 21. Ne1 Qc6 22. Qc1 Kh7 23. Qa3 a4 24. Nc2 Bf8 25. Qb2 b4 26. cxb4 cxb4 27. Bd2 b3 28. axb3 Rxb3 29. Qa2 Rdb8 30. Ne3 Kg8 31. Rbc1 Qb5 32. Nc4 Nb6 33. Ra1 Nxc4 1/2-1/2

[Event "GER-ch 81st"]
[Site "Bad Liebenzell"]
[Date "2010.03.10"]
[Round "6"]
[White "Lubbe, Nikolas"]
[Black "Huschenbeth, Niclas"]
[Result "0-1"]
[WhiteElo "2353"]
[BlackElo "2404"]
[EventDate "2010.03.05"]
[PlyCount "146"]

1. e4 e5 2. Bc4 Nf6 3. d3 c6 4. Nf3 Be7 5. Nc3 d6 6. O-O Bg4 7. h3 Bh5 8. g4 Bg6 9. Bg5 h6 10. Bd2 Nbd7 11. Nh4 Bh7 12. Ng2 b5 13. Bb3 a5 14. a4 b4 15. Ne2 d5 16. exd5 cxd5 17. d4 O-O 18. Ne3 exd4 19. Nxd4 Bc5 20. Nef5 Ne5 21. Bf4 Nc4 22. Qf3 Qb6 23. Bxc4 dxc4 24. Nb5 Rac8 25. Be5 Bxf5 26. Qxf5 Qe6 27. Bxf6 Qxf5 28. gxf5 gxf6 29. Kg2 Kg7 30. Kf3 Rfe8 31. Rae1 Rcd8 32. Rxe8 Rxe8 33. Rg1+ Kf8 34. Rg4 Re5 35. Rxc4 Rxf5+ 36. Rf4 Rxf4+ 37. Kxf4 Bxf2 38. Kf5 Ke7 39. b3 Bb6 40. c4 bxc3 41. Nxc3 Bd4 42. Ne4 h5 43. Ng3 h4 44. Ne4 Kd7 45. Nd2 Kc6 46. Nf3 Bf2 47. Kxf6 Kd5 48. Kf5 f6 49. Nd2 Kd4 50. Kxf6 Ke3 51. Nc4+ Kf4 52. Nxa5 Kg3 53. Nc4 Kxh3 54. Kf5 Kg2 55. Ne5 h3 56. Ng4 Be1 57. Ne3+ Kf2 58. Ng4+ Kf3 59. Nh2+ Kg2 60. Ng4 Bd2 61. Ke4 Kg3 62. Kf5 Kf3 63. Nh2+ Kg2 64. Ng4 Kg3 65. a5 Bxa5 66. Ne3 Kf2 67. Ng4+ Kf3 68. Kg5 Kg3 69. Kh5 Bd2 70. b4 Bxb4 71. Ne3 Bd2 72. Nf1+ Kg2 73. Kg4 Bg5 0-1

[Event "GER-ch 81st"]
[Site "Bad Liebenzell"]
[Date "2010.03.10"]
[Round "6"]
[White "Roehl, Rainer"]
[Black "Kummerow, Heiko"]
[Result "0-1"]
[WhiteElo "2182"]
[BlackElo "2361"]
[EventDate "2010.03.05"]
[PlyCount "32"]

1. d4 Nf6 2. Nf3 g6 3. Nc3 d5 4. Bf4 Bg7 5. Qd2 O-O 6. Ne5 c5 7. O-O-O cxd4 8. Qxd4 Ng4 9. Nxd5 e6 10. Nxg4 Bxd4 11. Nc7 Bxb2+ 12. Kxb2 Qxd1 13. Nf6+ Kh8 14. e3 Nc6 15. Nxa8 Kg7 16. Ng4 Qxg4 0-1

[Event "GER-ch 81st"]
[Site "Bad Liebenzell"]
[Date "2010.03.10"]
[Round "6"]
[White "Tabatt, Hendrik"]
[Black "Ritscher, Jan Paul"]
[Result "1-0"]
[WhiteElo "2347"]
[BlackElo "2316"]
[EventDate "2010.03.05"]
[PlyCount "49"]

1. e4 Nf6 2. e5 Nd5 3. d4 d6 4. c4 Nb6 5. exd6 exd6 6. Nf3 Be7 7. Bd3 Bg4 8. Be3 O-O 9. Nbd2 Bh5 10. Qc2 Bg6 11. Bxg6 hxg6 12. h4 Nc6 13. h5 gxh5 14. Rxh5 g6 15. Rh6 Kg7 16. O-O-O Qd7 17. d5 Ne5 18. Qc3 Na4 19. Qd4 Rh8 20. Rdh1 Bf6 21. Ne4 Qf5 22. Nxf6 Qxf6 23. b3 Nb6 24. Bg5 Qf5 25. Qh4 1-0

[Event "GER-ch 81st"]
[Site "Bad Liebenzell"]
[Date "2010.03.10"]
[Round "6"]
[White "Vatter, Hans Joachim"]
[Black "Schwing, Hans Elmar"]
[Result "1/2-1/2"]
[WhiteElo "2328"]
[BlackElo "2308"]
[EventDate "2010.03.05"]
[PlyCount "41"]

1. e4 e5 2. Nf3 Nc6 3. Bc4 Bc5 4. c3 Nf6 5. d3 d6 6. Bb3 a6 7. h3 Ba7 8. Nbd2 O-O 9. Nf1 d5 10. Qe2 dxe4 11. dxe4 Qe8 12. Ng3 Be6 13. Bg5 Nd7 14. Bxe6 Qxe6 15. O-O f6 16. Be3 Bxe3 17. Qxe3 Rfd8 18. b3 Nf8 19. Nh4 Ng6 20. Nxg6 hxg6 21. Rfd1 1/2-1/2

[Event "GER-ch 81st"]
[Site "Bad Liebenzell"]
[Date "2010.03.10"]
[Round "6"]
[White "Vogel, Christian"]
[Black "Koller, Jens"]
[Result "0-1"]
[WhiteElo "2263"]
[BlackElo "2270"]
[EventDate "2010.03.05"]
[PlyCount "90"]

1. d4 Nf6 2. c4 g6 3. Nc3 Bg7 4. e4 d6 5. f4 O-O 6. Nf3 c5 7. d5 Bg4 8. Be2 e6 9. O-O exd5 10. exd5 Re8 11. h3 Bc8 12. Bd3 Na6 13. f5 gxf5 14. Nh4 Ne4 15. Nxf5 Bxf5 16. Rxf5 Nxc3 17. bxc3 Qh4 18. Bg5 Qg3 19. Bf4 Qh4 20. g3 Qxh3 21. Rh5 Re1+ 22. Qxe1 Qxh5 23. Kg2 Nc7 24. Qd2 f5 25. Bxd6 Ne8 26. Bxc5 Nf6 27. Rh1 Qg6 28. Qf4 Ne4 29. Bd4 Re8 30. Re1 Bh6 31. Qf3 Bd2 32. Re2 Bg5 33. g4 fxg4 34. Qxg4 h5 35. Qf3 Be3+ 36. Kh3 Ng5+ 37. Kg2 Qxd3 38. Qxh5 Qe4+ 39. Kh2 Bf4+ 40. Kg1 Nf3+ 41. Kh1 Qb1+ 42. Kg2 Rxe2+ 43. Kxf3 Qe4+ 44. Kg4 Be3+ 45. Kg3 Qf4+ 0-1

[Event "GER-ch 81st"]
[Site "Bad Liebenzell"]
[Date "2010.03.11"]
[Round "7"]
[White "Baramidze, David"]
[Black "Natsidis, Christoph"]
[Result "1-0"]
[WhiteElo "2528"]
[BlackElo "2270"]
[EventDate "2010.03.05"]
[PlyCount "41"]

1. e4 c6 2. d4 d5 3. Nc3 dxe4 4. Nxe4 Bf5 5. Ng3 Bg6 6. Bc4 e6 7. N1e2 Nf6 8. h4 h6 9. Nf4 Bh7 10. O-O Bd6 11. Nfh5 O-O 12. Re1 Nxh5 13. Nxh5 Qxh4 14. g3 Qd8 15. Qg4 Bg6 16. Bxh6 gxh6 17. Rxe6 Kh8 18. Rf6 Qe7 19. Bxf7 Rxf7 20. Qxg6 Rxf6 21. Nxf6 1-0

[Event "GER-ch 81st"]
[Site "Bad Liebenzell"]
[Date "2010.03.11"]
[Round "7"]
[White "Hager, Joshua Aarash"]
[Black "Vatter, Hans Joachim"]
[Result "0-1"]
[WhiteElo "2221"]
[BlackElo "2328"]
[EventDate "2010.03.05"]
[PlyCount "54"]

1. e4 e6 2. d4 d5 3. Nd2 dxe4 4. Nxe4 Nd7 5. g3 Ngf6 6. Nxf6+ Nxf6 7. Bg2 Be7 8. Nf3 O-O 9. O-O c5 10. c3 cxd4 11. Qxd4 Qa5 12. Be3 Rd8 13. Qc4 Bd7 14. b4 Qa4 15. Qb3 Rac8 16. Bd4 b6 17. Ne5 Be8 18. Qb2 Nd7 19. Nxd7 Bxd7 20. Rfe1 Bc6 21. Rad1 Bxg2 22. Kxg2 e5 23. Rxe5 Qxd1 24. Rxe7 Re8 25. Rxa7 Re1 26. h4 Rg1+ 27. Kh3 Qf3 0-1

[Event "GER-ch 81st"]
[Site "Bad Liebenzell"]
[Date "2010.03.11"]
[Round "7"]
[White "Heinig, Wolfram"]
[Black "Feuerstack, Aljoscha"]
[Result "1/2-1/2"]
[WhiteElo "2345"]
[BlackElo "2382"]
[EventDate "2010.03.05"]
[PlyCount "58"]

1. d4 Nf6 2. c4 c5 3. d5 b5 4. cxb5 a6 5. bxa6 g6 6. Nc3 Bxa6 7. Nf3 d6 8. e4 Bxf1 9. Kxf1 Nbd7 10. h3 Bg7 11. Kg1 O-O 12. Kh2 Qa5 13. Re1 Rfb8 14. Qc2 Nb6 15. Rb1 Nfd7 16. Re2 Nc4 17. Nd2 Bxc3 18. bxc3 Qxa2 19. Rxb8+ Nxb8 20. Nxc4 Qxc4 21. e5 Nd7 22. exd6 exd6 23. Bh6 Nf6 24. Qd2 Nxd5 25. Re1 Rd8 26. Rd1 Nf6 27. Re1 Nd5 28. Rd1 Nf6 29. Re1 Nd5 1/2-1/2

[Event "GER-ch 81st"]
[Site "Bad Liebenzell"]
[Date "2010.03.11"]
[Round "7"]
[White "Hirneise, Tobias"]
[Black "Heimann, Andreas"]
[Result "1-0"]
[WhiteElo "2438"]
[BlackElo "2458"]
[EventDate "2010.03.05"]
[PlyCount "87"]

1. e4 e5 2. Nf3 Nc6 3. Bb5 a6 4. Ba4 Nf6 5. O-O Be7 6. Re1 b5 7. Bb3 O-O 8. c3 d6 9. h3 Na5 10. Bc2 c5 11. d4 cxd4 12. cxd4 Qc7 13. Nbd2 Nc6 14. Nb3 Nb4 15. Bb1 a5 16. a3 Nc6 17. Be3 a4 18. Nbd2 Bd7 19. Qe2 exd4 20. Nxd4 Nxd4 21. Bxd4 Bc6 22. Bd3 Qb7 23. Nf3 Rfe8 24. Rac1 Rab8 25. Bc3 Nd7 26. Nd4 Nc5 27. Nf5 Bf8 28. Bxg7 Bxg7 29. Qg4 f6 30. Nxd6 Qb6 31. Nxe8 Bxe8 32. Bb1 Nb3 33. Rcd1 Bg6 34. h4 Bf7 35. e5 fxe5 36. Rxe5 Qf6 37. Rf5 Qe6 38. Qf4 Re8 39. Rxf7 Qxf7 40. Bxh7+ Kf8 41. Qb4+ Qe7 42. Qxb5 Nd4 43. Qc4 Qxh4 44. Qg8+ 1-0

[Event "GER-ch 81st"]
[Site "Bad Liebenzell"]
[Date "2010.03.11"]
[Round "7"]
[White "Huschenbeth, Niclas"]
[Black "Khenkin, Igor"]
[Result "1/2-1/2"]
[WhiteElo "2404"]
[BlackElo "2597"]
[EventDate "2010.03.05"]
[PlyCount "177"]

1. e4 c6 2. d4 d5 3. e5 c5 4. dxc5 e6 5. Be3 Nh6 6. Bd3 Nd7 7. Nf3 Nxc5 8. Bxh6 gxh6 9. O-O Bg7 10. Nbd2 O-O 11. Qe2 Bd7 12. Nb3 Nxd3 13. Qxd3 Qb6 14. Qd4 Qxd4 15. Nbxd4 b5 16. a3 a5 17. Rfe1 b4 18. axb4 axb4 19. Kf1 Rfc8 20. Ke2 Rxa1 21. Rxa1 f6 22. Ra7 fxe5 23. Rxd7 exd4 24. Kd3 Bf6 25. Nd2 Ra8 26. f4 Ra1 27. f5 Re1 28. Nf3 Re3+ 29. Kd2 b3 30. cxb3 e5 31. Rxd5 e4 32. Ne5 Rxb3 33. Nd7 Bg5+ 34. Kc2 Rb4 35. Nc5 d3+ 36. Kc3 d2 37. h4 Bf6+ 38. Kxd2 Rxb2+ 39. Ke3 Rxg2 40. h5 Bg5+ 41. Kxe4 Rh2 42. Ke5 Rxh5 43. Ne4 Rh1 44. Nf6+ Kf7 45. Rd7+ Kf8 46. Rd8+ Kf7 47. Rd7+ Kf8 48. Rxh7 Re1+ 49. Ne4 Ra1 50. f6 Re1 51. Kf5 Rxe4 52. Kxe4 Bxf6 53. Rxh6 Kg7 54. Rh1 Kg6 55. Rg1+ Kf7 56. Kf5 Bc3 57. Rc1 Bb2 58. Rc7+ Kf8 59. Ke6 Bd4 60. Rf7+ Kg8 61. Rf4 Bb2 62. Rg4+ Kf8 63. Rb4 Bc3 64. Rc4 Bb2 65. Rc7 Bd4 66. Rf7+ Kg8 67. Ke7 Bc3 68. Ke8 Bd4 69. Rd7 Bc3 70. Rd3 Bb2 71. Rd2 Bc3 72. Rc2 Bd4 73. Rc6 Kg7 74. Ke7 Bb2 75. Rc2 Bd4 76. Rg2+ Kh6 77. Ke6 Bc3 78. Kf5 Bd4 79. Rg6+ Kh7 80. Kg5 Bc3 81. Rc6 Bd4 82. Rc4 Bb2 83. Rc2 Bd4 84. Rc4 Bb2 85. Rb4 Bc3 86. Rb3 Bd4 87. Rd3 Bb2 88. Rf3 Kg7 89. Rf7+ 1/2-1/2

[Event "GER-ch 81st"]
[Site "Bad Liebenzell"]
[Date "2010.03.11"]
[Round "7"]
[White "Issing, Peter"]
[Black "Vogel, Christian"]
[Result "1/2-1/2"]
[WhiteElo "2291"]
[BlackElo "2263"]
[EventDate "2010.03.05"]
[PlyCount "45"]

1. d4 d6 2. Nf3 Bg4 3. Nbd2 Nd7 4. c3 c6 5. e4 Ngf6 6. Bd3 e5 7. O-O Be7 8. Re1 O-O 9. h3 Bh5 10. Nf1 Re8 11. Ng3 Bg6 12. Qc2 Qb6 13. Be3 Qc7 14. Rad1 Bf8 15. Nh4 d5 16. Nxg6 hxg6 17. c4 dxe4 18. Nxe4 Nxe4 19. Bxe4 exd4 20. Bxd4 Nc5 21. Bf3 Ne6 22. Be5 Qb6 23. Bc3 1/2-1/2

[Event "GER-ch 81st"]
[Site "Bad Liebenzell"]
[Date "2010.03.11"]
[Round "7"]
[White "Kotainy, Jens"]
[Black "Zeller, Frank"]
[Result "1/2-1/2"]
[WhiteElo "2243"]
[BlackElo "2420"]
[EventDate "2010.03.05"]
[PlyCount "51"]

1. e4 e5 2. Bc4 Nf6 3. d4 exd4 4. Nf3 Bc5 5. O-O O-O 6. e5 d5 7. Bb3 Ne4 8. Nxd4 Nc6 9. Nxc6 bxc6 10. Nd2 f5 11. Nxe4 fxe4 12. Be3 Bxe3 13. fxe3 Rxf1+ 14. Qxf1 Qe7 15. Qf4 Be6 16. Rf1 Rf8 17. Qxf8+ Qxf8 18. Rxf8+ Kxf8 19. Kf2 Kf7 20. Ba4 Bd7 21. Kg3 g5 22. c3 Kg6 23. e6 Be8 24. c4 dxc4 25. Bc2 Kf5 26. e7 1/2-1/2

[Event "GER-ch 81st"]
[Site "Bad Liebenzell"]
[Date "2010.03.11"]
[Round "7"]
[White "Krassowizkij, Jaroslaw"]
[Black "Engelmann, Jakob"]
[Result "0-1"]
[WhiteElo "2244"]
[BlackElo "2213"]
[EventDate "2010.03.05"]
[PlyCount "78"]

1. e4 e5 2. Nf3 Nc6 3. Bb5 a6 4. Bxc6 dxc6 5. O-O Bg4 6. h3 Bh5 7. g4 Bg6 8. Nxe5 Bd6 9. Nxg6 hxg6 10. Qf3 Qh4 11. Kg2 Bf4 12. Nc3 Ne7 13. Ne2 g5 14. d4 Ng6 15. Rh1 Qh7 16. Kf1 O-O-O 17. Bxf4 gxf4 18. Nxf4 Nh4 19. Qd3 Qh6 20. Ng2 Ng6 21. Qe3 Qh7 22. b4 Rhe8 23. f3 Ne7 24. Qd3 g6 25. Ne3 Rf8 26. Ke2 f5 27. a4 Qh4 28. Raf1 Rfe8 29. c3 a5 30. bxa5 c5 31. d5 f4 32. Ng2 Qg3 33. Rf2 Nxd5 34. a6 b6 35. a7 Kb7 36. Qc4 Nxc3+ 37. Qxc3 Rxe4+ 38. Kf1 Rd1+ 39. Ne1 Re3 0-1

[Event "GER-ch 81st"]
[Site "Bad Liebenzell"]
[Date "2010.03.11"]
[Round "7"]
[White "Lentrodt, Thomas"]
[Black "Prusikin, Michael"]
[Result "0-1"]
[WhiteElo "2367"]
[BlackElo "2542"]
[EventDate "2010.03.05"]
[PlyCount "116"]

1. d4 Nf6 2. c4 g6 3. Nc3 Bg7 4. e4 d6 5. Be2 O-O 6. Nf3 Bg4 7. Ng1 Bd7 8. Nf3 Qe8 9. O-O e5 10. dxe5 dxe5 11. Nd5 Na6 12. Nxf6+ Bxf6 13. Bh6 Bg7 14. Bxg7 Kxg7 15. Qd5 Bc6 16. Qxe5+ Qxe5 17. Nxe5 Bxe4 18. Bf3 Bxf3 19. Nxf3 Rfe8 20. Rfe1 Rxe1+ 21. Rxe1 Rd8 22. Kf1 Nc5 23. g3 a5 24. Ke2 Rd6 25. Ke3 Rd3+ 26. Ke2 Kf6 27. Rc1 Rd6 28. Rc3 Re6+ 29. Re3 Na4 30. Rxe6+ fxe6 31. b3 Nc3+ 32. Kd3 Nxa2 33. Kd4 Nc1 34. Nd2 Ke7 35. f3 b6 36. Kc3 e5 37. Kc2 Na2 38. Kd3 Ke6 39. Ke4 Nb4 40. f4 exf4 41. Kxf4 h6 42. Ke4 Na6 43. g4 Nc5+ 44. Kd4 g5 45. Ke3 Kd6 46. Kd4 c6 47. Ke3 b5 48. cxb5 cxb5 49. Kd4 Kc6 50. Kc3 Kd5 51. b4 Nb7 52. bxa5 Nxa5 53. Kb4 Nc4 54. Nf1 Nd6 55. Nd2 Ke5 56. Nf3+ Kf4 57. Nd4 Kxg4 58. Kc5 Nf5 0-1

[Event "GER-ch 81st"]
[Site "Bad Liebenzell"]
[Date "2010.03.11"]
[Round "7"]
[White "Meister, Peter"]
[Black "Bogner, Sebastian"]
[Result "0-1"]
[WhiteElo "2407"]
[BlackElo "2522"]
[EventDate "2010.03.05"]
[PlyCount "119"]

1. e4 c5 2. b3 e5 3. Bb2 d6 4. Bb5+ Nd7 5. f4 exf4 6. Nf3 Ngf6 7. O-O Be7 8. e5 dxe5 9. Nxe5 O-O 10. Nxd7 Bxd7 11. Bxd7 Qxd7 12. Rxf4 Rad8 13. Qf1 Nd5 14. Rf2 Nb4 15. Na3 a6 16. Kh1 b5 17. d3 Bg5 18. Rf5 Be3 19. Rf3 Rfe8 20. h3 Re6 21. Rg3 Bd4 22. Bxd4 cxd4 23. Qf2 Rde8 24. Rf1 g6 25. Rg4 Nc6 26. Nb1 Re2 27. Qf4 f5 28. Rg3 Qe6 29. Nd2 Qe5 30. Qxe5 R8xe5 31. Nf3 Rc5 32. h4 Rexc2 33. b4 Nxb4 34. Nxd4 Rc1 35. Rxc1 Rxc1+ 36. Kh2 Kf7 37. Nf3 Nxa2 38. Ng5+ Ke7 39. Re3+ Kd8 40. d4 b4 41. d5 Nc3 42. Re6 Nb5 43. Rxa6 b3 44. Rb6 b2 45. Rxb5 b1=Q 46. Rxb1 Rxb1 47. Nxh7 Ke7 48. d6+ Kf7 49. Ng5+ Kf6 50. Nh7+ Kg7 51. Ng5 Rd1 52. g4 Rxd6 53. gxf5 gxf5 54. Kg3 Kf6 55. Nf3 Ra6 56. Kf4 Ra4+ 57. Ke3 Re4+ 58. Kf2 f4 59. h5 Ra4 60. h6 0-1

[Event "GER-ch 81st"]
[Site "Bad Liebenzell"]
[Date "2010.03.11"]
[Round "7"]
[White "Milov, Leonid"]
[Black "Bastian, Herbert"]
[Result "1-0"]
[WhiteElo "2556"]
[BlackElo "2351"]
[EventDate "2010.03.05"]
[PlyCount "95"]

1. e4 e5 2. Nf3 Nc6 3. d4 exd4 4. Nxd4 Bc5 5. Be3 Qf6 6. c3 Nge7 7. Bc4 O-O 8. O-O Bb6 9. Bb3 d6 10. Nb5 Bxe3 11. fxe3 Qh6 12. Nxc7 Rb8 13. Qf3 Ne5 14. Qf4 Qh5 15. Nd2 N7g6 16. Qg3 Bd7 17. Nd5 Rbe8 18. Nf4 Qh6 19. Nf3 Nxf3+ 20. gxf3 Kh8 21. Kh1 Ne5 22. Rad1 Bb5 23. Rg1 g5 24. Qxg5 Qxg5 25. Rxg5 f5 26. Rxf5 Rxf5 27. exf5 Nxf3 28. Ne6 Nh4 29. Nd4 Bc6+ 30. Nxc6 bxc6 31. Be6 d5 32. Rf1 Kg7 33. Rf4 Ng6 34. Rg4 Kh8 35. Bf7 Ne5 36. Bxe8 Nxg4 37. Bxc6 Nxe3 38. Kg1 Kg7 39. Kf2 Nd1+ 40. Ke2 Nxb2 41. Bxd5 Kf6 42. Be6 Ke5 43. Bg8 h6 44. Bb3 Kxf5 45. Kd2 Ke4 46. h3 a5 47. a4 h5 48. h4 1-0

[Event "GER-ch 81st"]
[Site "Bad Liebenzell"]
[Date "2010.03.11"]
[Round "7"]
[White "Mueller, Oliver"]
[Black "Kummerow, Heiko"]
[Result "1-0"]
[WhiteElo "2297"]
[BlackElo "2361"]
[EventDate "2010.03.05"]
[PlyCount "89"]

1. d4 Nf6 2. c4 g6 3. Nc3 Bg7 4. Nf3 d6 5. g3 O-O 6. Bg2 Nc6 7. O-O a6 8. d5 Na5 9. Nd2 c5 10. Qc2 Rb8 11. b3 b5 12. Bb2 bxc4 13. bxc4 Bh6 14. f4 e5 15. dxe6 Bxe6 16. Nd5 Bg7 17. Bc3 Re8 18. e4 Bd7 19. Rae1 Nc6 20. Nxf6+ Bxf6 21. e5 Bg7 22. Ne4 Bf5 23. Qa4 Bxe4 24. Bxe4 Nd4 25. Bd5 dxe5 26. fxe5 Rxe5 27. Rxe5 Bxe5 28. Kg2 Bf6 29. Qxa6 Rb6 30. Qa7 Kh8 31. Qxf7 Bg7 32. Re1 Rb8 33. Bc6 Qd6 34. Re8+ Rxe8 35. Qxe8+ Bf8 36. Bd5 Qf6 37. a4 Kg7 38. a5 Qf5 39. Qe4 Bd6 40. Qxf5 gxf5 41. a6 Bb8 42. Bxd4+ cxd4 43. c5 Kf6 44. c6 Ke5 45. c7 1-0

[Event "GER-ch 81st"]
[Site "Bad Liebenzell"]
[Date "2010.03.11"]
[Round "7"]
[White "Naumann, Alexander"]
[Black "Bindrich, Falko"]
[Result "1/2-1/2"]
[WhiteElo "2528"]
[BlackElo "2532"]
[EventDate "2010.03.05"]
[PlyCount "28"]

1. d4 d5 2. c4 c6 3. Nf3 Nf6 4. Nc3 e6 5. Bg5 h6 6. Bxf6 Qxf6 7. e3 Nd7 8. Bd3 dxc4 9. Bxc4 g6 10. O-O Bg7 11. e4 e5 12. d5 Nb6 13. Bb3 O-O 14. Rc1 Bg4 1/2-1/2